000 01064nam a2200217Ia 4500
003 Ost
005 20260507075641.0
008 260507s9999||||xx |||||||||||||| ||und||
020 _a295682977
040 _cfsecg
041 _aara
082 _a330.121
100 _aسري، حسن
_eمؤلف
245 0 _aالإقتصاد الإسلامي :
_bمبادئ وخصائص وأهداف /
_c حسن سري
260 _aالإسكندرية:
_bمركز الإسكندرية للكتاب,
_c1999
300 _a331 صفحة؛
_bإيضاحات ؛
_c24 سم
520 _aالتعريف بالإقتصاد الإسلامي ، الملكية العامة والخاصة في الإسلام، الإنتاج في الإقتصاد الإسلامي، الإنفاق في الإقتصاد الإسلامي- السياسة الإقتصادية الشرعية في العقود والمعاملات ، العلاج الإسلامي لمشكلاتنا الإقتصادية
653 _aالإقتصاد
653 _aالإقتصاد الإسلامي
942 _cكتاب
999 _c45417
_d45417